<?xml version="1.0" encoding="UTF-8"?>
<record
    xmlns:xsi="http://www.w3.org/2001/XMLSchema-instance"
    xsi:schemaLocation="http://www.loc.gov/MARC21/slim http://www.loc.gov/standards/marcxml/schema/MARC21slim.xsd"
    xmlns="http://www.loc.gov/MARC21/slim">

  <leader>01506nam a2200289Ia 4500</leader>
  <controlfield tag="005">20231102150525.0</controlfield>
  <controlfield tag="008">120622s1990    mx a||| r     000 0 spa d</controlfield>
  <datafield tag="020" ind1=" " ind2=" ">
    <subfield code="a">9682439329</subfield>
  </datafield>
  <datafield tag="020" ind1=" " ind2=" ">
    <subfield code="a">9789682439329</subfield>
  </datafield>
  <datafield tag="082" ind1=" " ind2=" ">
    <subfield code="a">519.5</subfield>
    <subfield code="b">C554e 1990</subfield>
  </datafield>
  <datafield tag="100" ind1="1" ind2=" ">
    <subfield code="a">Christensen, Howard B.</subfield>
    <subfield code="e">autor</subfield>
    <subfield code="9">32683</subfield>
  </datafield>
  <datafield tag="245" ind1="1" ind2="0">
    <subfield code="a">Estad&#xED;stica paso a paso</subfield>
    <subfield code="c"> / Howard B. Christensen ; traductor, Felipe Robledo V&#xE1;zquez</subfield>
  </datafield>
  <datafield tag="250" ind1=" " ind2=" ">
    <subfield code="a">3a. edici&#xF3;n</subfield>
  </datafield>
  <datafield tag="260" ind1=" " ind2="3">
    <subfield code="a">M&#xE9;xico</subfield>
    <subfield code="b"> : Trillas</subfield>
    <subfield code="c">, 1990</subfield>
  </datafield>
  <datafield tag="300" ind1=" " ind2=" ">
    <subfield code="a">682 p&#xE1;gunas</subfield>
    <subfield code="b">: ilustraciones</subfield>
  </datafield>
  <datafield tag="336" ind1=" " ind2=" ">
    <subfield code="a">texto</subfield>
  </datafield>
  <datafield tag="337" ind1=" " ind2=" ">
    <subfield code="a">sin medio</subfield>
  </datafield>
  <datafield tag="338" ind1=" " ind2=" ">
    <subfield code="a">volumen</subfield>
  </datafield>
  <datafield tag="500" ind1=" " ind2=" ">
    <subfield code="a">Traducci&#xF3;n de: Statistics step by step 
Reimpresiones: ej.1, 5a. reimp.2001;
ej.2 y 3, 6a. reimp.2004;
ej.4, reimp.2012</subfield>
  </datafield>
  <datafield tag="504" ind1=" " ind2=" ">
    <subfield code="a">Incluye: &#xCD;ndice anal&#xED;tico pp.677-682</subfield>
  </datafield>
  <datafield tag="505" ind1="2" ind2=" ">
    <subfield code="a">Recolecci&#xF3;n de los datos
Organizaci&#xF3;n gr&#xE1;fica y res&#xFA;men de los datos
Res&#xFA;men num&#xE9;rico de los datos
Reglas b&#xE1;sicas de la probabilidad
Probabilidad de distribuciones de variables aleatorias
Distribuciones de muestreos
Estimaci&#xF3;n e intervalos de confianza
Pruebas de las hip&#xF3;tesis acerca de las medias de distribuciones normales
Datos categ&#xF3;ricos y sus pruebas
An&#xE1;lisis de la varianza
Regresi&#xF3;n y correlaci&#xF3;n
Pruebas no param&#xE9;tricas</subfield>
  </datafield>
  <datafield tag="519" ind1=" " ind2=" ">
    <subfield code="a">Plan Flexible / </subfield>
    <subfield code="b">Relaciones Internacionales / </subfield>
    <subfield code="c">An&#xE1;lisis Estad&#xED;stico (M03-3) / </subfield>
    <subfield code="d">(01 004824)</subfield>
  </datafield>
  <datafield tag="650" ind1="1" ind2="4">
    <subfield code="a">ESTAD&#xCD;STICA </subfield>
    <subfield code="9">665</subfield>
  </datafield>
  <datafield tag="650" ind1="2" ind2="4">
    <subfield code="a">ESTAD&#xCD;STICA MATEM&#xC1;TICA</subfield>
    <subfield code="9">3244</subfield>
  </datafield>
  <datafield tag="700" ind1="1" ind2=" ">
    <subfield code="a">Robledo V&#xE1;zquez, Felipe</subfield>
    <subfield code="e">traductor </subfield>
    <subfield code="9">32684</subfield>
  </datafield>
  <datafield tag="942" ind1=" " ind2=" ">
    <subfield code="2">ddc</subfield>
    <subfield code="c">LB</subfield>
  </datafield>
  <datafield tag="952" ind1=" " ind2=" ">
    <subfield code="0">0</subfield>
    <subfield code="1">0</subfield>
    <subfield code="2">ddc</subfield>
    <subfield code="4">0</subfield>
    <subfield code="7">0</subfield>
    <subfield code="a">22</subfield>
    <subfield code="b">22</subfield>
    <subfield code="d">2007-01-25</subfield>
    <subfield code="l">9</subfield>
    <subfield code="o">519.5 C554e 1990</subfield>
    <subfield code="p">01 010058</subfield>
    <subfield code="r">2023-06-10</subfield>
    <subfield code="s">2023-05-30</subfield>
    <subfield code="t">2</subfield>
    <subfield code="w">2012-06-24</subfield>
    <subfield code="y">LB</subfield>
  </datafield>
  <datafield tag="952" ind1=" " ind2=" ">
    <subfield code="0">0</subfield>
    <subfield code="1">0</subfield>
    <subfield code="2">ddc</subfield>
    <subfield code="4">0</subfield>
    <subfield code="7">0</subfield>
    <subfield code="a">01</subfield>
    <subfield code="b">01</subfield>
    <subfield code="d">2007-01-25</subfield>
    <subfield code="l">4</subfield>
    <subfield code="o">519.5 C554e 1990</subfield>
    <subfield code="p">01 010059</subfield>
    <subfield code="r">2017-04-27</subfield>
    <subfield code="s">2017-04-27</subfield>
    <subfield code="t">3</subfield>
    <subfield code="w">2012-06-24</subfield>
    <subfield code="y">LB</subfield>
  </datafield>
  <datafield tag="952" ind1=" " ind2=" ">
    <subfield code="0">0</subfield>
    <subfield code="1">0</subfield>
    <subfield code="2">ddc</subfield>
    <subfield code="4">0</subfield>
    <subfield code="7">0</subfield>
    <subfield code="a">01</subfield>
    <subfield code="b">01</subfield>
    <subfield code="d">2014-11-21</subfield>
    <subfield code="l">2</subfield>
    <subfield code="o">519.5 C554e 1990</subfield>
    <subfield code="p">01 004824</subfield>
    <subfield code="r">2024-10-14</subfield>
    <subfield code="s">2024-10-09</subfield>
    <subfield code="t">4</subfield>
    <subfield code="w">2014-11-21</subfield>
    <subfield code="y">LB</subfield>
  </datafield>
  <datafield tag="952" ind1=" " ind2=" ">
    <subfield code="0">0</subfield>
    <subfield code="1">0</subfield>
    <subfield code="2">ddc</subfield>
    <subfield code="4">0</subfield>
    <subfield code="7">0</subfield>
    <subfield code="a">22</subfield>
    <subfield code="b">22</subfield>
    <subfield code="d">2014-11-21</subfield>
    <subfield code="l">9</subfield>
    <subfield code="o">519.5 C554e 1990</subfield>
    <subfield code="p">01 006978</subfield>
    <subfield code="r">2020-01-21</subfield>
    <subfield code="s">2020-01-21</subfield>
    <subfield code="t">1</subfield>
    <subfield code="w">2014-11-21</subfield>
    <subfield code="y">LB</subfield>
  </datafield>
  <datafield tag="999" ind1=" " ind2=" ">
    <subfield code="c">54375</subfield>
    <subfield code="d">54375</subfield>
  </datafield>
</record>
